00453 a2200169 450000100060000002000150000604000240002124000350004524500300008030000080011036200090011844000120012765000310013994200070017095200890017799900170026669776 a8508015585 cAnchieta - Itaigara10aHistórias da carochinhalpor10aHistórias da carochinha a1430 a1998 1aÁtica 4aLiteratura infanto-juvenil cBK 00104070a88.1b88.1d2023-11-21l0p2482/ITAr2023-11-21 20:04:29w2023-11-21yBK c69776d69776